<?xml version="1.0" encoding="UTF-8"?>
<record
    xmlns:xsi="http://www.w3.org/2001/XMLSchema-instance"
    xsi:schemaLocation="http://www.loc.gov/MARC21/slim http://www.loc.gov/standards/marcxml/schema/MARC21slim.xsd"
    xmlns="http://www.loc.gov/MARC21/slim">

  <leader>01428    a2200193   4500</leader>
  <controlfield tag="001">54302</controlfield>
  <controlfield tag="005">20260407155814.0</controlfield>
  <controlfield tag="008">260407a1962    arg                 spa d</controlfield>
  <controlfield tag="003">AR-UNSa-BCEJYS</controlfield>
  <datafield tag="040" ind1=" " ind2=" ">
    <subfield code="a">AR-UNSa-BCEJYS</subfield>
    <subfield code="b">spa</subfield>
    <subfield code="c">AR-UNSa-BCEJYS</subfield>
  </datafield>
  <datafield tag="080" ind1=" " ind2=" ">
    <subfield code="a">330.32</subfield>
    <subfield code="x">Nueva formaci&#xF3;n de capital (Inversi&#xF3;n)</subfield>
  </datafield>
  <datafield tag="245" ind1="1" ind2="0">
    <subfield code="a">La inversi&#xF3;n burs&#xE1;til</subfield>
  </datafield>
  <datafield tag="264" ind1=" " ind2="1">
    <subfield code="a">Buenos Aires :</subfield>
    <subfield code="b">Selecci&#xF3;n Contable</subfield>
    <subfield code="c">1962</subfield>
  </datafield>
  <datafield tag="300" ind1=" " ind2=" ">
    <subfield code="a">188 p.</subfield>
    <subfield code="c">23 cm.</subfield>
  </datafield>
  <datafield tag="505" ind1=" " ind2=" ">
    <subfield code="a">1. La sociedad an&#xF3;nima - 2. Tipos de acciones - 3. La organizaci&#xF3;n del mercado de valores - 4. El mecanismo de la operaci&#xF3;n burs&#xE1;til - 5. Operaciones a t&#xE9;rmino, de pase y de cauci&#xF3;n - 6. el c&#xE1;lculo del rendimiento - 7. La emisi&#xF3;n de acciones - 8. Operaciones de arbitraje - 9. El an&#xE1;lisis de la ganancia - 10. acciones de crecimiento - 11. El an&#xE1;lisisi de la empresa  - 12. Indices burs&#xE1;tiles - 13. El c&#xE1;lculo de la utilidad total de la inversi&#xF3;n en acciones - 14. La Bolsa y el desarrollo econ&#xF3;mico - 15. Las fluctuaciones en las cotizaciones burs&#xE1;tiles - 16. Inversi&#xF3;n, especulaci&#xF3;n y juego - 17. T&#xE9;cnica de la inversi&#xF3;n burs&#xE1;til - 18. Reglas generales para el inversor - 19. Criterios de valuaci&#xF3;n de acciones - 20. Fondos comunes de inversi&#xF3;n - 21. El tratamiento impositivo de la inversi&#xF3;n burs&#xE1;til - 22. La significaci&#xF3;n econ&#xF3;mica del Mercado de Valores</subfield>
  </datafield>
  <datafield tag="942" ind1=" " ind2=" ">
    <subfield code="c">BK</subfield>
  </datafield>
  <datafield tag="590" ind1=" " ind2=" ">
    <subfield code="a">niveau_biblio:m niveau_hierar:0</subfield>
  </datafield>
  <datafield tag="100" ind1="1" ind2=" ">
    <subfield code="a">Alemann, Juan E.</subfield>
  </datafield>
  <datafield tag="999" ind1=" " ind2=" ">
    <subfield code="c">5471</subfield>
    <subfield code="d">5471</subfield>
  </datafield>
  <datafield tag="952" ind1=" " ind2=" ">
    <subfield code="0">0</subfield>
    <subfield code="1">0</subfield>
    <subfield code="4">0</subfield>
    <subfield code="7">0</subfield>
    <subfield code="a">BCEJYS</subfield>
    <subfield code="b">BCEJYS</subfield>
    <subfield code="c">16</subfield>
    <subfield code="d">2026-04-07</subfield>
    <subfield code="l">0</subfield>
    <subfield code="o">330.32 A367</subfield>
    <subfield code="p">L21085</subfield>
    <subfield code="r">2026-04-07 15:58:14</subfield>
    <subfield code="w">2026-04-07</subfield>
    <subfield code="y">L</subfield>
  </datafield>
</record>
